00258nam a2200133Ia 4500003000900000008004100009040001300050040001300063041000800076100001200084245001400096300000800110490000600118IT-RoPAU120407s9999 xx 000 0 und d aIT-RoPAU cIT-RoPAU aita aP. Marc aL’Elite c cm v1